All One Piece Bounties - Statistics

General Stats
  • This quiz has been taken 67 times
    40 since last reset
  • The average score is 71 of 137
Answer Stats
Hint Answer % Correct
5,564,800,000 Gol D. Roger
100%
3,189,000,000 Buggy
97%
5,046,000,000 Edward Newgate
97%
3,000,000,000 Eustass Kid
97%
1,100,000,000 Jinbe
97%
4,611,100,000 Kaidou
97%
3,996,000,000 Marshall D. Teach
97%
3,590,000,000 Mihawk
97%
3,000,000,000 Monkey D. Luffy
97%
1,111,000,000 Roronoa Zoro
97%
4,048,900,000 Shanks
97%
3,000,000,000 Trafalgar D. Water Law
97%
1,057,000,000 Charlotte Katakuri
93%
4,388,000,000 Charlotte Linlin
93%
930,000,000 Nico Robin
93%
1,032,000,000 Vinsmoke Sanji
93%
1,659,000,000 Boa Hancock
90%
1,965,000,000 Crocodile
90%
26,000,000 Demalo Black
87%
1,390,000,000 King
87%
1,320,000,000 Queen
87%
394,000,000 Franky
83%
1,000,000,000 Jack
83%
550,000,000 Portgas D. Ace
83%
602,000,000 Sabo
83%
383,000,000 Brook
80%
860,000,000 Charlotte Cracker
80%
1,800,000,000 Brogy
77%
932,000,000 Charlotte Smoothie
77%
340,000,000 Donquixote Doflamingo
77%
366,000,000 Nami
77%
700,000,000 Charlotte Perospero
73%
1,800,000,000 Dorry
73%
1,374,000,000 Marco
73%
1000 Tony Tony Chopper
73%
500,000,000 Usopp
73%
320,000,000 Basil Hawkins
70%
350,000,000 Capone Bege
70%
200,000,000 Killer
70%
61,000,000 Lao G
70%
2,600,000,000 Loki
70%
400,000,000 Ulti
70%
1500 Bepo
67%
480,000,000 Black Maria
67%
320,000,000 Jewelry Bonney
67%
546,000,000 Who's Who
67%
200,000,000 Bartolomeo
63%
320,000,000 Gecko Moria
63%
290,000,000 Page One
60%
99,000,000 Trebol
60%
108,000,000 URouge
60%
222,000,000 X Drake
60%
20,000,000 Arlong
57%
296,000,000 Bartholomew Kuma
57%
32,000,000 Bentham
57%
75,000,000 Daz Bones
57%
24,000,000 Galdino
57%
16,000,000 Kuro
57%
5,000,000 Alvida
53%
3,200,000 Babe
53%
195,000,000 Bellamy
53%
99,000,000 Diamante
53%
542,000,000 Don Chinjao
53%
17,000,000 Don Krieg
53%
480,000,000 Edward Weevil
53%
10,000,000 Gem
53%
7,500,000 Mikita
53%
382,000,000 Pedro
53%
330,000,000 Cavendish
50%
300,000,000 Charlotte Oven
50%
600,000,000 Charlotte Snack
50%
472,000,000 Sasaki
50%
350,000,000 Scratchmen Apoo
50%
300,000,000 Caesar Clown
47%
12,000,000 Gin
47%
99,000,000 Pica
47%
457,000,000 Belo Betty
43%
400,000,000 Karasu
43%
550,000,000 Little Oars Jr.
43%
29,000,000 Marianne
43%
293,000,000 Morley
43%
300,000,000 Charlotte Daifuku
40%
7,800,000 Curly Dadan
40%
14,000,000 Drophy
40%
8,000,000 Higuma
40%
510,000,000 Izou
40%
24,000,000 Foxy
37%
316,000,000 Lindbergh
37%
40,000,000 (brothers) Rock and Scotch
37%
210,000,000 Sai
37%
35,000,000 Zala
37%
15,000,000 Dellinger
33%
31,000,000 Gladius
33%
148,000,000 Orlumbus
33%
330,000,000 Pekoms
33%
58,000,000 Senor Pink
33%
429,000,000 Tamago
33%
9,000,000 Kuroobi
30%
11,000,000 Machvise
30%
38,000,000 Sarquiss
30%
7,000,000 (brothers) Sham and Buchi
30%
210,000,000 Caribou
27%
24,000,000 Charlotte Lola
27%
5,500,000 Chew
27%
230,000,000 Fisher Tiger
27%
190,000,000 Ginny
27%
8,000,000 Hatchan
27%
9,000,000 Jango
27%
79,000,000 Nico Olvia
27%
210,000,000 Squard
27%
14,300,000 Bluejam
23%
40,000,000 Boa Marigold
23%
40,000,000 Boa Sandersonia
23%
190,000,000 Coribou
23%
90,000,000 Gotti
23%
57,000,000 Kelly Funk
23%
23,000,000 Masira
23%
25,000,000 Mont Blanc Cricket
23%
36,000,000 Shoujou
23%
67,000,000 Suleiman
23%
95,000,000 Vito
23%
36,000,000 Bobby Funk
20%
67,000,000 Gambia
20%
52,000,000 Peachbeard
20%
3,400,000 Porchemy
20%
105,500,000 Bobbin
17%
94,000,000 Rockstar
17%
42,000,000 Roshio
17%
60,000,000 Devil Dias
13%
74,000,000 Gyro
13%
17,000,000 Lacuba
13%
10,000,000 Wellington
13%
80,060,000 Chadros Higelyges
10%
88,000,000 Lip Doughty
10%
75,000,000 Raccoon
10%
92,000,000 Albion
7%
36,000,000 Mikazuki
7%
No matching quizzes found
Score Distribution
Percent of People with Each Score
Percentile by Number Answered
Your Score History
You have not taken this quiz since the last reset